00892 2200325 4500001002100000005001500021035002000036007000300056008004100059040001700100245007900117300003100196020002200227041000800249082001000257084001600267090002100283260003000304850001000334100002000344250000900364500002800373650001400401700001600415504003000431990002600461990002600487990002700513990002600540INLIS00000000000267020260601081317 a0010-0620000043ta260601 0  aSBPUPADbind1 aSehat Tanpa Obat dengan Si Merah Stroberi /cHani Widiatmoko, Editor, Maya a176 hlm. :bilus. ;c19 cm a978-979-29-5974-10 aind a613.2 a613.2 HAN s a371.1 KEN k T3-2 aYogyakarta :bAndi,c2016 aPUPAD0 aHani Widiatmoko aEd.1 aprofil penulis, hlm 189 4akesehatan0 aEditor,Maya abibiliografi, hlm 177-187 a34.471 a/DAK/DPK/2019 a34.469 a/DAK/DPK/2019 a34.470 a/ DPK/DPK/2019 a34.472 a/DAK/DPK/2019